000
00233nam a2200097Ia 4500
001
959676
005
20250826215928.0
008
250824s9999 xx 000 0 und d
245
0
_a
BARAJ
_c
YASİN GÜNEY
260
_b
ATLIKARINCA YAYINLARI
999
_c
959676
_d
959676